Building control systems in Europe (Record no. 105853)

MARC details
000 -LEADER
fixed length control field 01226cam a2200241 4500
001 - CONTROL NUMBER
control field ##L134938
008 - FIXED-LENGTH DATA ELEMENTS--GENERAL INFORMATION
fixed length control field 060912n2006 000 0 eng u
020 ## - INTERNATIONAL STANDARD BOOK NUMBER
International Standard Book Number 1842192248
035 ## - SYSTEM CONTROL NUMBER
System control number (Sirsi) u134938
041 0# - LANGUAGE CODE
Language code of text/sound track or separate title eng
050 04 - LIBRARY OF CONGRESS CALL NUMBER
Classification number 692.2 $2 18
110 2# - MAIN ENTRY--CORPORATE NAME
Corporate name or jurisdiction name as entry element Royal Institution of Chartered Surveyors
9 (RLIN) 4900
245 00 - TITLE STATEMENT
Title Building control systems in Europe
260 ## - PUBLICATION, DISTRIBUTION, ETC.
Place of publication, distribution, etc. London
Name of publisher, distributor, etc. RICS
Date of publication, distribution, etc. 2006
300 ## - PHYSICAL DESCRIPTION
Extent 33p.
Dimensions 30cm.
490 #0 - SERIES STATEMENT
Series statement Building Control Report
Volume/sequential designation (2) June 2006
520 ## - SUMMARY, ETC.
Summary, etc. Provides information for architects, developers and contractors on building control systems in Europe. The analysis is bases on responses from 21 countries: Austria, Belgium, Croatia, Cyprus, Czech Republic, Denmark, Estonia, Finland, France, Germany, Iceland, Ireland, Latvia, The Netherlands, Norway, Poland, Slovakia, Slovenia, Spain, Sweden and the United Kingdom (England and Wales). The study found that building control systems in these countries are less different than expected, with nearly all of the coutries having private control elements.
590 ## - LOCAL NOTE (RLIN)
Local note IKA190906 NTK
651 #4 - SUBJECT ADDED ENTRY--GEOGRAPHIC NAME
Geographic name EUROPE
690 ## - LOCAL SUBJECT ADDED ENTRY--TOPICAL TERM (OCLC, RLIN)
Topical term or geographic name as entry element BUILT ENVIRONMENT-BUILDING STANDARDS
710 2# - ADDED ENTRY--CORPORATE NAME
Corporate name or jurisdiction name as entry element Consortium of European Building Control
9 (RLIN) 4744
942 ## - ADDED ENTRY ELEMENTS (KOHA)
Suppress in OPAC 0
Holdings
Withdrawn status Lost status Source of classification or shelving scheme Damaged status Not for loan Home library Current library Shelving location Date acquired Total Checkouts Full call number Barcode Date last seen Copy number Price effective from Koha item type
    Dewey Decimal Classification     London London RICS Boxes 12/09/2006   RICS 2006/32 30072488 06/08/2019 1 06/08/2019 Archive
    Dewey Decimal Classification     London London RICS Boxes 12/09/2006   RICS 2006/32 30072486 06/08/2019 2 06/08/2019 Reference material
    Dewey Decimal Classification     London London Books 10/11/2006   RICS 2006/32 30073361 06/08/2019 4 06/08/2019 Book